00884nam a2200253Ia 4500003000900000008004100009020001800050040001600068080002200084245012000106260003700226300001400263650001400277650001900291650002800310650002800338650002600366700002800392700002800420700002600448942000700474999001700481952013200498IN-BaIIA211028s9999 xx 000 0 eng d a0-8243-0940-5 cIIA Library a047.1:52 bARA-40 0aAnnual review of astronomy and astrophysicsbvol. 40cedited by Geoffrey Burbidge, Allan Sandage and Frank H. Shu  aCaliforniabAnnual Reviewsc2002 aix, 721p. aCosmology aGalaxies91286 aGamma-Ray Bursts910403 aPlanetary Nebulae95510 aRadio Astronomy92849 aBurbidge, Geoffrey, ed. aSandage, A., ed.917045 aShu, F.H., ed.923508 cBK c14848d14848 00104070aBANbKAVcGENd2002-12-02g8195.70l0o047.1:52 / ARA - 40p15770r2021-11-05v8195.70w2002-12-02yBKGRs. 8195.70